000
00266nam a22001097a 4500
082
_a
823
_b
CAS/A
100
_a
CASTIGLIA, PAUL
245
_a
ARCHIE- AMERICAN SERIES
246
_a
ARCHIE- AMERICAN SERIES
_b
ARCHIE- AMERICAN SERIES
650
_a
ENGLISH STORY
942
_c
BK
999
_c
8778
_d
8778